Responses for show #8315 - Friday, January 15, 2021

Last game with CBS Television Distribution banner.

Contestants

[<< previous game]

Gautham Nagesh, a journalist originally from Jackson, Michigan

Jennifer Linde, an associate professor from Minneapolis, Minnesota

Lucy Ricketts, an illustrator originally from Atlanta, Georgia (whose 3-day cash winnings total $79,499)

[next game >>]

Jeopardy! Round responses

IT'S A LONG STORY
TAKE NOTE
3-LETTER "D" WORDS
THE NAME IS THE TV TITLE
(Ken: You'll have to name the TV series.)
FORTIFY YOURSELF
ALL KINDS OF WINE
    $200 11
Lord of the Rings

Gautham
    $200 20
Liz Taylor

Gautham
    $200 6
a den

Gautham
    $200 1
Frasier

Jennifer
    $200 25
the Nile

Jennifer
    $200 26
sake

Lucy
    $400 12
Proust

Jennifer
    $400 19
Jimmy Fallon

Lucy
    $400 7
dim

Gautham
    $400 2
Arrow

Jennifer
    $400 24
(Gautham: What is a half moon?)

a star fort

Gautham
Triple Stumper
    $400 27
pineapple

Jennifer
    $600 13
a vampire

Gautham
    $600 18
Benjamin Franklin

Lucy
    $600 8
a dud

Jennifer
    $600 3
Reba

Jennifer
    $2,000 23
the Alamo

Lucy
    $600 28
Manischewitz

Jennifer
    $800 14
(Gautham: What is Crime and Punishment?)

The Brothers Karamazov

LucyGautham
    $800 17
(Ken: Yes, to Diego Rivera.)

Frida Kahlo

Lucy
    $800 9
din

Gautham
    $800 4
(Gautham: What is Once Upon a Time?)

Grimm

Gautham
Triple Stumper
    $800 22
Bastille

Lucy
    $800 29
Dandelion Wine

Jennifer
    $1000 15
David Foster Wallace

Gautham
    $1000 16
Mary, Queen of Scots

Lucy
    $1000 10
a dig

Jennifer
    $1000 5
Ted Lasso

Triple Stumper
    $1000 21
William the Conqueror

Gautham
    $1000 30
elderberries

Triple Stumper

Scores at the first commercial break (after clue 15):

Lucy Jennifer Gautham
$800 $3,200 $1,600

Scores at the end of the Jeopardy! Round:

Lucy Jennifer Gautham
$6,600 $5,200 $2,400

Double Jeopardy! Round responses

BYGONE ABBREV.
(Ken: You must respond with the abbreviation.)
U.S. CITIES
ALONG FOR THE RIDE
VOCABULARY
HODGEPODGE
ENTERTAINING BROTHERS
    $400 6
the USSR

Lucy
    $400 5
Reno

Gautham
    $400 11
Darwin

Jennifer
    $400 30
demoralize

Lucy
    $400 21
Schwarzenegger

Gautham
    $400 20
the Marx Brothers

Lucy
    $800 7
ADD

Jennifer
    $800 4
(Gautham: What is Chicago?)

Peoria

LucyGautham
    $800 12
the Titanic

Lucy
    $800 29
Paramount

Jennifer
    $800 25
(Lucy: What are caribou?)

elk

LucyGautham
    $800 16
The Allman Brothers

Lucy
    $1200 8
the ABA

Lucy
    $1200 3
rattlesnakes

Triple Stumper
    $1200 13
(Ken: Yes, the [*] has landed.)

the Eagle

Lucy
    $1200 28
slalom

Gautham
    $1200 24
(Gautham: What is The Big Bang?)

The Big Bang Theory

LucyGautham
    $1200 17
Skarsgård

Gautham
    $1600 9
the WPA

Jennifer
    $1600 2
Golden

Lucy
    $4,000 14
(Lucy: Who is La Salle?)

Louis Jolliet

Lucy
    $3,199 27
(Gautham: What is... act?)

infer

Gautham
    $1600 23
Hera

Lucy
    $1600 19
(Ken: Yes, they were told, "That's righteous, brother.")

The Righteous Brothers

Jennifer
    $2000 10
the OSS

Lucy
    $2000 1
(Gautham: What is the Union Pacific?)

the Central Pacific

Gautham
Triple Stumper
    $2000 15
the Congo

Lucy
    $2000 26
a dilettante

Gautham
    $2000 22
beryllium

Jennifer
    $2000 18
the Lumière brothers

Lucy

Scores at the end of the Double Jeopardy! Round:

Lucy Jennifer Gautham
$18,200 $12,400 $1,201

[wagering suggestions for these scores]

Final Jeopardy! Round responses

QUEEN ELIZABETH II
GauthamWho is JFK?
$1,200
JenniferWho is Lyndon Johnson
$12,400
LucyWho is John F. KENNEDY
$6,602
Lyndon Johnson

Final scores:

Lucy Jennifer Gautham
$11,598 $24,800 $1
2nd place: $2,000 New champion: $24,800 3rd place: $1,000

Game dynamics:

Coryat scores:

Lucy Jennifer Gautham
$20,800 $12,400 $4,400
22 R
(including 1 DD),
2 W
(including 1 DD)
16 R,
0 W
14 R,
7 W
(including 1 DD)

Combined Coryat: $37,600

The J! Archive is created by fans, for fans. The Jeopardy! game show and all elements thereof, including but not limited to copyright and trademark thereto, are the property of Jeopardy Productions, Inc. and are protected under law. This website is not affiliated with, sponsored by, or operated by Jeopardy Productions, Inc. Join the discussion at JBoard.tv.